Gemeinden von Steinburg auf einer Karte - Statistiken

Allgemein
  • Dieses Quiz wurde 23 mal gespielt
  • Das Durchschnittsergebnis liegt bei 64 aus 111
Antworten auf der Karte
Die Antworten werden auf der Karte rot bzw. grün angezeigt, abhängig davon wie oft sie richtig erraten wurden.
 
Antwortstatistiken
Amt Einwohner Gemeinde % Korrekt
amtsfrei 10.931 Glückstadt
100%
Horst-Herzhorn 1.127 Herzhorn
100%
amtsfrei 31.803 Itzehoe
100%
Kellinghusen 8.133 Kellinghusen
100%
Krempermarsch 2.357 Krempe
100%
Krempermarsch 2.314 Kremperheide
100%
amtsfrei 4.287 Wilster
100%
Breitenburg 351 Breitenberg
80%
Breitenburg 1.210 Breitenburg
80%
Wilstermarsch 965 Brokdorf
80%
Schenefeld 440 Gribbohm
80%
Itzehoe-Land 1.487 Heiligenstedten
80%
Itzehoe-Land 1.946 Hohenaspe
80%
Kellinghusen 6.111 Hohenlockstedt
80%
Schenefeld 397 Holstenniendorf
80%
Horst-Herzhorn 5.731 Horst
80%
Breitenburg 2.643 Lägerdorf
80%
Schenefeld 409 Looft
80%
Kellinghusen 274 Mühlenbarbek
80%
Schenefeld 252 Nutteln
80%
Breitenburg 1.529 Oelixdorf
80%
Schenefeld 266 Pöschendorf
80%
Schenefeld 569 Puls
80%
Kellinghusen 349 Rosdorf
80%
Schenefeld 1.230 Vaale
80%
Schenefeld 1.941 Wacken
80%
Kellinghusen 2.359 Wrist
80%
Schenefeld 139 Aasbüttel
60%
Schenefeld 186 Agethorst
60%
Krempermarsch 565 Bahrenfleth
60%
Wilstermarsch 838 Beidenfleth
60%
Schenefeld 244 Besdorf
60%
Schenefeld 145 Bokelrehm
60%
Schenefeld 140 Bokhorst
60%
Kellinghusen 2.036 Brokstedt
60%
Wilstermarsch 39 Büttel
60%
Schenefeld 70 Christinenthal
60%
Itzehoe-Land 236 Drage
60%
Schenefeld 150 Hadenfeld
60%
Itzehoe-Land 733 Heiligenstedtenerkamp
60%
Kellinghusen 598 Hennstedt
60%
Itzehoe-Land 199 Hodorf
60%
Horst-Herzhorn 877 Hohenfelde
60%
Itzehoe-Land 278 Huje
60%
Itzehoe-Land 441 Kaaks
60%
Krempermarsch 560 Krempermoor
60%
Itzehoe-Land 741 Lohbarbek
60%
Itzehoe-Land 438 Mehlbek
60%
Breitenburg 1.881 Münsterdorf
60%
Schenefeld 127 Nienbüttel
60%
Wilstermarsch 846 Nortorf
60%
Schenefeld 119 Oldenborstel
60%
Itzehoe-Land 1.088 Oldendorf
60%
Itzehoe-Land 735 Ottenbüttel
60%
Itzehoe-Land 258 Peissen
60%
Kellinghusen 390 Poyenberg
60%
Kellinghusen 97 Rade
60%
Schenefeld 734 Reher
60%
Wilstermarsch 816 Sankt Margarethen
60%
Schenefeld 2.584 Schenefeld
60%
Itzehoe-Land 238 Schlotfeld
60%
Itzehoe-Land 157 Silzen
60%
Horst-Herzhorn 766 Sommerland
60%
Schenefeld 129 Vaalermoor
60%
Schenefeld 302 Warringholz
60%
Wilstermarsch 1.308 Wewelsfleth
60%
Horst-Herzhorn 215 Altenmoor
40%
Breitenburg 135 Auufer
40%
Itzehoe-Land 105 Bekdorf
40%
Itzehoe-Land 150 Bekmünde
40%
Horst-Herzhorn 649 Blomesche Wildnis
40%
Horst-Herzhorn 715 Borsfleth
40%
Krempermarsch 1.039 Dägeling
40%
Wilstermarsch 276 Dammfleth
40%
Wilstermarsch 277 Ecklak
40%
Krempermarsch 156 Elskop
40%
Horst-Herzhorn 883 Engelbrechtsche Wildnis
40%
Kellinghusen 404 Fitzbek
40%
Krempermarsch 327 Grevenkop
40%
Kellinghusen 78 Hingstheide
40%
Schenefeld 72 Kaisborstel
40%
Horst-Herzhorn 2.223 Kiebitzreihe
40%
Itzehoe-Land 548 Kleve
40%
Horst-Herzhorn 1.676 Kollmar
40%
Breitenburg 33 Kollmoor
40%
Horst-Herzhorn 233 Krempdorf
40%
Breitenburg 175 Kronsmoor
40%
Itzehoe-Land 88 Krummendiek
40%
Wilstermarsch 118 Kudensee
40%
Wilstermarsch 117 Landrecht
40%
Wilstermarsch 265 Landscheide
40%
Kellinghusen 140 Lockstedt
40%
Breitenburg 106 Moordiek
40%
Itzehoe-Land 84 Moorhusen
40%
Krempermarsch 695 Neuenbrook
40%
Horst-Herzhorn 841 Neuendorf
40%
Wilstermarsch 444 Neuendorf-Sachsenbande
40%
Kellinghusen 174 Oeschebüttel
40%
Kellinghusen 458 Quarnstedt
40%
Krempermarsch 564 Rethwisch
40%
Kellinghusen 474 Sarlhusen
40%
Wilstermarsch 122 Stördorf
40%
Kellinghusen 103 Störkathen
40%
Krempermarsch 717 Süderau
40%
Breitenburg 396 Westermoor
40%
Kellinghusen 11 Wiedenborstel
40%
Kellinghusen 174 Willenscharen
40%
Itzehoe-Land 313 Winseldorf
40%
Breitenburg 164 Wittenbergen
40%
Kellinghusen 387 Wulfsmoor
40%
Wilstermarsch 50 Aebtissinwisch
20%
Keine übereinstimmenden Quizze gefunden
Verteilung der Resultate
Anzahl Personen mit jedem Resultat
Perzentil nach korrekt beantworteten Fragen
Ihre Resultats-Entwicklung
Sie haben dieses Quiz noch nicht gespielt